02780nam a2200289Ia 4500003000400000005001700004008004100021020001500062040002100077041000800098082002500106100004700131245010900178260005800287300002900345490004200374500010500416504003800521505025000559520141800809650003102227651004502258651004102303942001202344999001502356952011902371OSt20210920173425.0210310s2005 ck gr 000 0dspa d a9589285333 aCO-JMCRcCO-JMCR0 aspa04a364.256 /bV856p2231 aVivas Benítez, Alejandro, 917633eautor10aPobreza y violencias en Colombia : bagenda de diagnósticos y soluciones / cAlejandro Vivas Benítez aBogotá : bPontificia Universidad Javeriana, c2004 a160 páginas ; c22 cm.0 aSerie soluciones en desarrollo ; v12 aIncluye notas a pie de página y datos biográficos del autor. Subtítulo tomado de la caratula.  aBibliografía: páginas 151-1600 aHipótesis sobre problemas colombianos actuales y variables cruciales de solución -- Soluciones a realidades sociales prioritarias -- Bases de la construcción de nación -- Pobreza, desigualdad y terrorismo: un modelo de teoría de juegos3 a¿Podemos plantear problemas que permitan despejar soluciones concretas a realidades como pobreza y desigualdad; violencias; desempleo: narcotráfico: clientelismo político: corrupción e impunidad? para lograrlo, en el planteamiento de los problemas deben aparecer, por una parte, los actores sociales involucrados y los objetivos sobre variables de interés para ellos y, por otra parte, las restricciones efectivas y las fortalezas que tienen los actores sobre dichas variables de interés. imprescindiblemente, los planteamientos también deben recoger las acciones de la sociedad internacional, que afectan a Colombia positivamente en unos casos, negativamente en otros. El diagnóstico plantea la operación de cinco procesos interactuantes de bloqueos en la sociedad, cuya capacidad está referida al número de personas que involucran y a sus dotaciones iniciales de riqueza y poder. los bloqueos hacen que la economía opere en condiciones de ineficiencia técnica, empresarial y social y crezca a tasas bajas y que al tiempo haya niveles altos de desigualdad en la distribución de la riqueza. Se definen tres reformas básicas, dirigidas al sistema económico, al sistema educativo y al sistema de resolución de conflictos económicos, y dos ejes que proporcionan el entorno necesario para las tres reformas: uno de re-institucionalización del país y otro de "mundialización". 14aViolencia917635zColombia 4aColombiaxCondiciones económicas97526 4aColombiaxCondiciones sociales99846 2ddccBK c8562d8562 00102ddc40708NFICaCPLbCPLd2018-04-15eDonacióno364.256 / V856pp430006265r2024-05-16 00:00:00tEj.1yBK